<?xml version='1.0' encoding='UTF-8'?>
  <record xmlns="http://www.loc.gov/MARC21/slim">
    <leader>00000cam a22000007i 4500</leader>
    <controlfield tag="001">ocn974135277</controlfield>
    <controlfield tag="003">OCoLC</controlfield>
    <controlfield tag="005">20240929140114.6</controlfield>
    <controlfield tag="008">991018s1881    ne            000 0 dut d</controlfield>
    <datafield tag="040" ind1=" " ind2=" ">
      <subfield code="a">QGJ</subfield>
      <subfield code="b">dut</subfield>
      <subfield code="c">QGJ</subfield>
      <subfield code="d">OCLCQ</subfield>
      <subfield code="d">OCLCL</subfield>
      <subfield code="d">OCLCQ</subfield>
    </datafield>
    <datafield tag="035" ind1=" " ind2=" ">
      <subfield code="a">(OCoLC)974135277</subfield>
    </datafield>
    <datafield tag="082" ind1="0" ind2="4">
      <subfield code="a">225.53931</subfield>
      <subfield code="q">OCoLC</subfield>
    </datafield>
    <datafield tag="130" ind1="0" ind2=" ">
      <subfield code="a">Bijbel</subfield>
      <subfield code="l">Nederlands</subfield>
      <subfield code="p">N.T.</subfield>
    </datafield>
    <datafield tag="245" ind1="1" ind2="4">
      <subfield code="a">Het Nieuwe Testament, van wege de Algemeene Synode der Nederlandsche Hervormde Kerk op nieuw uit den grondtekst overgezet, en van inleidingen, inhoudsopgaven, gelijkluidende plaatsen en aanteekeningen voorzien /</subfield>
      <subfield code="c">[door J. J. Prins, W. Muurling en H. G. J. van Doesburgh].</subfield>
    </datafield>
    <datafield tag="246" ind1="1" ind2=" ">
      <subfield code="a">Nieuwe vertaling van het Nieuwe Testament</subfield>
    </datafield>
    <datafield tag="264" ind1=" " ind2="1">
      <subfield code="a">Amsterdam [etc.] :</subfield>
      <subfield code="b">Brandt [etc.],</subfield>
      <subfield code="c">1881.</subfield>
    </datafield>
    <datafield tag="300" ind1=" " ind2=" ">
      <subfield code="a">574 p. ;</subfield>
      <subfield code="c">28 cm</subfield>
    </datafield>
    <datafield tag="336" ind1=" " ind2=" ">
      <subfield code="a">tekst</subfield>
      <subfield code="b">txt</subfield>
      <subfield code="2">rdacontent/dut</subfield>
    </datafield>
    <datafield tag="337" ind1=" " ind2=" ">
      <subfield code="a">zonder medium</subfield>
      <subfield code="b">n</subfield>
      <subfield code="2">rdamedia/dut</subfield>
    </datafield>
    <datafield tag="338" ind1=" " ind2=" ">
      <subfield code="a">band</subfield>
      <subfield code="b">nc</subfield>
      <subfield code="2">rdacarrier/dut</subfield>
    </datafield>
    <datafield tag="500" ind1=" " ind2=" ">
      <subfield code="a">Rugtitel: Nieuwe vertaling van het Nieuwe Testament.</subfield>
    </datafield>
    <datafield tag="530" ind1=" " ind2=" ">
      <subfield code="a">Also available in online version.</subfield>
    </datafield>
    <datafield tag="700" ind1="1" ind2=" ">
      <subfield code="a">Prins, Johannes Jacobus,</subfield>
      <subfield code="d">1814-1898.</subfield>
    </datafield>
    <datafield tag="700" ind1="1" ind2=" ">
      <subfield code="a">Muurling, Willem,</subfield>
      <subfield code="d">1805-1882.</subfield>
    </datafield>
    <datafield tag="700" ind1="1" ind2=" ">
      <subfield code="a">Doesburgh, H. G. J. van.</subfield>
    </datafield>
    <datafield tag="758" ind1=" " ind2=" ">
      <subfield code="a">Het Nieuwe Testament, van wege de Algemeene Synode der Nederlandsche Hervormde Kerk op nieuw uit den grondtekst overgezet, en van inleidingen, inhoudsopgaven, gelijkluidende plaatsen en aanteekeningen voorzien (Text)</subfield>
      <subfield code="1">https://id.oclc.org/worldcat/entity/E39PCXpq6mYbRHjJfMt4gfvtBq</subfield>
      <subfield code="4">https://id.oclc.org/worldcat/ontology/hasWork</subfield>
    </datafield>
    <datafield tag="776" ind1="0" ind2="8">
      <subfield code="i">Online version:</subfield>
      <subfield code="t">Het Nieuwe Testament, van wege de Algemeene Synode der Nederlandsche Hervormde Kerk op nieuw uit den grondtekst overgezet, en van inleidingen, inhoudsopgaven, gelijkluidende plaatsen en aanteekeningen voorzien.</subfield>
      <subfield code="d">Amsterdam [etc.] : Brandt [etc.], 1881.</subfield>
    </datafield>
    <datafield tag="856" ind1="4" ind2="1">
      <subfield code="u">http://objects.library.uu.nl/reader/resolver.php?obj=001486489&amp;type=2</subfield>
      <subfield code="x">Online</subfield>
      <subfield code="z">Full text</subfield>
    </datafield>
    <datafield tag="936" ind1=" " ind2=" ">
      <subfield code="a">BATCHLOAD</subfield>
    </datafield>
  </record>